000 00721nam a2200193 a 4500
001 000029667
005 20200930055721.0
008 110415s2001 dr 000 0 spa d
040 _aDO-SdBNP
_bspa
_cBNPHU
082 _axxx
_bC3978a
110 2 _aCentro Nacional de Investigaciones en Salud Materno Infantil
_955757
245 1 0 _aCertificación y recertificación :
_buna propuesta para el sistema de salud de la República Dominicana /
_ceditor Eddy Pérez, Mauro Cenario.
260 _aSanto Domingo :
_bCENISMI,
_c2001.
300 _avi, 23 p. ;
_c28 cm.
490 1 _aReuniones Técnicas
_v1
700 1 _aPérez, Eddy,
_eed.
_956333
700 1 _aCenario, Mauro
_eed.
_956468
830 0 _aReuniones Técnicas
_v1
_956332
999 _c29159
_d29159